[Event "BL2-Sued 2223"]
[Site "Germany"]
[Date "2022.11.27"]
[Round "4.7"]
[White "Kabos, Tobias"]
[Black "Zude, Arno"]
[Result "1/2-1/2"]
[WhiteElo "2329"]
[BlackElo "2374"]
[PlyCount "67"]
[EventDate "2022.10.22"]
[EventType "team-tourn"]
[EventRounds "9"]
[EventCountry "GER"]
[SourceTitle "EXT 2024"]
[Source "ChessBase"]
[SourceDate "2023.10.10"]
[SourceVersion "1"]
[SourceVersionDate "2023.10.10"]
[SourceQuality "1"]
[WhiteTeam "Oetigheim"]
[BlackTeam "Hofheim"]
[WhiteTeamCountry "GER"]
[BlackTeamCountry "GER"]

1. e4 e5 2. Nf3 Nc6 3. Bc4 Bc5 4. c3 Nf6 5. d4 exd4 6. e5 d5 7. Bb5 Ne4 8. cxd4 Bb6 9. Nc3 0-0 10. Be3 f5 11. exf6 Nxf6 12. Bxc6 bxc6 13. Ne5 Qd6 14. 0-0 Ba6 15. Re1 c5 16. dxc5 Bxc5 17. Bxc5 Qxc5 18. Rc1 Qd6 19. b4 Bc4 20. Nxc4 dxc4 21. a3 Rfd8 22. Qe2 Qd3 23. Qa2 c6 24. Na4 Rd4 25. Nc5 Qd2 26. Qxd2 Rxd2 27. Rxc4 Ra2 28. Ne6 Rxa3 29. Rxc6 Re8 30. Kf1 Nd5 31. b5 g6 32. g3 Rb3 33. Rc5 Nc3 34. Rc7 1/2-1/2

[Event "BL2-Sued 2122"]
[Site "Germany"]
[Date "2022.06.19"]
[Round "8.7"]
[White "Koelle, Tobias"]
[Black "Kabos, Tobias"]
[Result "1-0"]
[WhiteElo "2443"]
[BlackElo "2355"]
[PlyCount "41"]
[EventDate "2022.03.05"]
[EventType "team-tourn"]
[EventRounds "10"]
[EventCountry "GER"]
[SourceTitle "EXT 2023"]
[Source "ChessBase"]
[SourceDate "2022.10.05"]
[SourceVersion "1"]
[SourceVersionDate "2022.10.05"]
[SourceQuality "1"]
[WhiteTeam "Schoenaich"]
[BlackTeam "Oetigheim"]
[WhiteTeamCountry "GER"]
[BlackTeamCountry "GER"]

1. d4 d5 2. c4 e6 3. Nf3 Nf6 4. Nc3 c5 5. cxd5 Nxd5 6. e4 Nxc3 7. bxc3 cxd4 8. cxd4 Bb4+ 9. Bd2 Bxd2+ 10. Qxd2 0-0 11. Rc1 b6 12. Bd3 Bb7 13. 0-0 Nd7 14. Qf4 h6 15. h4 Rc8 16. Rxc8 Bxc8 17. Rc1 e5 18. Nxe5 Nxe5 19. Qxe5 Qxh4 20. d5 f5 21. Rxc8 1-0

[Event "BEL-chT 2122"]
[Site "Belgium"]
[Date "2022.03.20"]
[Round "4.8"]
[White "Hammers, Michael"]
[Black "Kabos, Tobias"]
[Result "0-1"]
[WhiteElo "1938"]
[BlackElo "2327"]
[PlyCount "74"]
[EventDate "2021.10.24"]
[EventType "team-tourn"]
[EventRounds "11"]
[EventCountry "BEL"]
[SourceTitle "EXT 2023"]
[Source "ChessBase"]
[SourceDate "2022.10.05"]
[SourceVersion "1"]
[SourceVersionDate "2022.10.05"]
[SourceQuality "1"]
[WhiteTeam "KSK47 Eynatten"]
[BlackTeam "Liege Crelel"]
[WhiteTeamCountry "BEL"]
[BlackTeamCountry "BEL"]

1. e4 d6 2. Nf3 Nf6 3. Nc3 g6 4. g3 Bg7 5. Bg2 0-0 6. 0-0 c5 7. d3 Nc6 8. Re1 Bg4 9. h3 Bxf3 10. Bxf3 Nd7 11. Bg2 Rb8 12. a4 a6 13. f4 Nd4 14. Ne2 Qc7 15. c3 Nxe2+ 16. Qxe2 b5 17. axb5 axb5 18. Bd2 b4 19. h4 bxc3 20. Bxc3 Rb3 21. Rac1 e6 22. h5 Qb6 23. Kh2 Ra8 24. hxg6 hxg6 25. f5 Bxc3 26. bxc3 Rb2 27. Rc2 Raa2 28. Rec1 Qb3 29. fxe6 fxe6 30. Rxb2 Rxb2 31. Qe3 Ne5 32. Kh3 Qa2 33. d4 Qa7 34. g4 Qh7+ 35. Kg3 Nxg4 36. Qf3 Qh2+ 37. Kxg4 Rxg2+ 0-1

[Event "BEL-chT 2122"]
[Site "Belgium"]
[Date "2022.03.13"]
[Round "9.8"]
[White "Kabos, Tobias"]
[Black "Verlinden, Willem"]
[Result "1-0"]
[WhiteElo "2327"]
[BlackElo "1618"]
[PlyCount "57"]
[EventDate "2021.10.24"]
[EventType "team-tourn"]
[EventRounds "11"]
[EventCountry "BEL"]
[SourceTitle "EXT 2023"]
[Source "ChessBase"]
[SourceDate "2022.10.05"]
[SourceVersion "1"]
[SourceVersionDate "2022.10.05"]
[SourceQuality "1"]
[WhiteTeam "Liege Crelel"]
[BlackTeam "Brasschaat"]
[WhiteTeamCountry "BEL"]
[BlackTeamCountry "BEL"]

1. e4 c5 2. Nf3 d6 3. Bb5+ Bd7 4. Bxd7+ Nxd7 5. c4 Ngf6 6. Nc3 e6 7. d4 cxd4 8. Nxd4 a6 9. Qe2 Rc8 10. a4 Ne5 11. b3 Qa5 12. Bb2 Qb6 13. Rd1 Nc6 14. Nd5 Nxd5 15. exd5 Nxd4 16. Rxd4 e5 17. Rd3 g6 18. f4 Bg7 19. Bd4 Qc7 20. fxe5 dxe5 21. d6 Qd7 22. Bxe5 0-0 23. Bxg7 Kxg7 24. 0-0 Rce8 25. Qf2 Re6 26. Qd4+ Kg8 27. c5 Re2 28. Qd5 Qg4 29. d7 1-0

[Event "BEL-chT 2122"]
[Site "Belgium"]
[Date "2022.02.20"]
[Round "8.7"]
[White "Kabos, Tobias"]
[Black "Faure, Stephane"]
[Result "1/2-1/2"]
[WhiteElo "2327"]
[BlackElo "2047"]
[PlyCount "186"]
[EventDate "2021.10.24"]
[EventType "team-tourn"]
[EventRounds "11"]
[EventCountry "BEL"]
[SourceTitle "EXT 2023"]
[Source "ChessBase"]
[SourceDate "2022.10.05"]
[SourceVersion "1"]
[SourceVersionDate "2022.10.05"]
[SourceQuality "1"]
[WhiteTeam "Liege Crelel"]
[BlackTeam "Oostende"]
[WhiteTeamCountry "BEL"]
[BlackTeamCountry "BEL"]

1. e4 c5 2. Nf3 d6 3. Bb5+ Bd7 4. Bxd7+ Qxd7 5. c4 Nc6 6. d4 cxd4 7. Nxd4 Nf6 8. f3 e6 9. Nc3 Be7 10. Be3 0-0 11. 0-0 Rfe8 12. Qd2 Rac8 13. Nxc6 Rxc6 14. b3 a6 15. Rad1 Qc8 16. a4 Bd8 17. Ne2 Bb6 18. Kh1 Bxe3 19. Qxe3 Qc7 20. Rfe1 Rc5 21. Qf4 Rd8 22. Ng3 h6 23. Rd2 b5 24. cxb5 axb5 25. Red1 bxa4 26. bxa4 Rc4 27. Qe3 Rxa4 28. e5 Nd5 29. exd6 Rxd6 30. Qf2 Rc6 31. Ne4 Rc1 32. Qe1 Raa1 33. Nf2 Qc6 34. Rxc1 Rxc1 35. Rd1 Rxd1 36. Qxd1 Qc3 37. h3 Qb2 38. Kg1 Qa2 39. Qc1 h5 40. Qg5 Qe2 41. Ne4 Qe1+ 42. Kh2 h4 43. Qd2 Qb1 44. Qg5 Qb8+ 45. Kh1 f5 46. Qg6 Qb1+ 47. Kh2 fxe4 48. Qxe6+ Kh8 49. Qe8+ Kh7 50. Qh5+ Kg8 51. Qxd5+ Kf8 52. Qf5+ Kg8 53. Qe6+ Kf8 54. fxe4 Qe1 55. Qd6+ Ke8 56. Qf4 Ke7 57. Qg4 Kf8 58. Qf4+ Ke7 59. e5 Ke6 60. Qg4+ Kxe5 61. Qxg7+ Kf5 62. Qf7+ Kg5 63. Qc7 Kh6 64. Qb8 Kg6 65. Qf4 Kg7 66. Qd4+ Kg6 67. Qb6+ Kh7 68. Qg1 Qe5+ 69. Kh1 Kh8 70. Qd1 Qe4 71. Qh5+ Kg7 72. Qd1 Qe7 73. Qd4+ Kh6 74. Qd2+ Kg7 75. Kg1 Qc5+ 76. Kf1 Qf5+ 77. Ke2 Qe4+ 78. Kf2 Qf5+ 79. Ke3 Qg5+ 80. Kd3 Qb5+ 81. Kc2 Qa4+ 82. Kb2 Qb5+ 83. Kc1 Qf1+ 84. Kc2 Qf5+ 85. Kb3 Qb5+ 86. Kc3 Qc5+ 87. Kb2 Qb5+ 88. Kc2 Qf5+ 89. Kb2 Qb5+ 90. Ka1 Qf1+ 91. Ka2 Qa6+ 92. Kb1 Qf1+ 93. Kc2 Qf5+ 1/2-1/2

[Event "BEL-chT 2122"]
[Site "Belgium"]
[Date "2022.01.30"]
[Round "6.7"]
[White "Kabos, Tobias"]
[Black "Klein, Felix"]
[Result "1-0"]
[WhiteElo "2327"]
[BlackElo "2309"]
[PlyCount "67"]
[EventDate "2021.10.24"]
[EventType "team-tourn"]
[EventRounds "11"]
[EventCountry "BEL"]
[SourceTitle "EXT 2023"]
[Source "ChessBase"]
[SourceDate "2022.10.05"]
[SourceVersion "1"]
[SourceVersionDate "2022.10.05"]
[SourceQuality "1"]
[WhiteTeam "Liege Crelel"]
[BlackTeam "KSK Rochade"]
[WhiteTeamCountry "BEL"]
[BlackTeamCountry "BEL"]

1. e4 e5 2. Nf3 Nc6 3. Bc4 Bc5 4. c3 Nf6 5. d4 exd4 6. e5 d5 7. Bb5 Ne4 8. cxd4 Bb4+ 9. Nbd2 0-0 10. 0-0 Nxd2 11. Bxd2 Bxd2 12. Qxd2 Ne7 13. Bd3 Bf5 14. Rac1 c6 15. Nh4 Bxd3 16. Qxd3 Ng6 17. Nxg6 hxg6 18. f4 Qe7 19. f5 gxf5 20. Rxf5 Rac8 21. Rcf1 c5 22. Qh3 Qd7 23. Qh4 Rc6 24. Rh5 f6 25. Rh8+ Kf7 26. Rxf8+ Kxf8 27. exf6 Rxf6 28. Rxf6+ gxf6 29. Qh8+ Ke7 30. Qh7+ Ke6 31. Qxd7+ Kxd7 32. dxc5 Kc6 33. h4 Kxc5 34. h5 1-0

[Event "BEL-chT 1920"]
[Site "Belgium"]
[Date "2020.01.19"]
[Round "6.7"]
[White "Kabos, Tobias"]
[Black "De Rover, Yong Hoon"]
[Result "1/2-1/2"]
[WhiteElo "2337"]
[BlackElo "2370"]
[PlyCount "171"]
[EventDate "2019.09.29"]
[EventType "team-tourn"]
[EventRounds "11"]
[EventCountry "BEL"]
[SourceTitle "CBM 195 Extra"]
[Source "ChessBase"]
[SourceDate "2020.05.31"]
[SourceVersion "1"]
[SourceVersionDate "2020.05.31"]
[SourceQuality "1"]
[WhiteTeam "Liege Crelel"]
[BlackTeam "Wachtebeke"]
[WhiteTeamCountry "BEL"]
[BlackTeamCountry "BEL"]

1. d4 Nf6 2. Nf3 g6 3. g3 Bg7 4. Bg2 0-0 5. 0-0 d6 6. b3 Ne4 7. Bb2 Nc6 8. Nbd2 f5 9. c4 e5 10. dxe5 Nxd2 11. Qxd2 dxe5 12. Qd5+ Kh8 13. Qxd8 Rxd8 14. Ng5 Rf8 15. Ba3 Re8 16. Rad1 h6 17. Nf7+ Kh7 18. Bxc6 bxc6 19. Nd8 a5 20. Nxc6 Be6 21. Bb2 Ra6 22. Nxe5 a4 23. b4 Bxe5 24. Bxe5 Bxc4 25. Rd7+ Kg8 26. f4 Bxa2 27. Rc1 Rc8 28. b5 Rb6 29. Rg7+ Kf8 30. Bxc7 Kxg7 31. Be5+ Kf7 32. Rxc8 Rxb5 33. Rc7+ Ke8 34. Ra7 Bb3 35. Ra6 Kf7 36. Kf2 Be6 37. Ra7+ Ke8 38. Rxa4 Rb7 39. Ra8+ Kd7 40. Rf8 Ke7 41. Rf6 Bf7 42. Ra6 Kd7 43. Bg7 h5 44. Be5 Ke7 45. Kg2 Rb3 46. Ra7+ Ke6 47. Bd4 Be8 48. Ra6+ Kd5 49. e3 Rb1 50. Kh3 Rh1 51. Ra5+ Kc4 52. Re5 Ba4 53. Ra5 Bb5 54. Ra2 Kd3 55. Kh4 Rc1 56. Kg5 Rc6 57. Rb2 Bc4 58. Rb6 Rxb6 59. Bxb6 Ke4 60. Kxg6 Be2 61. Kg5 Bg4 62. Kh4 Bf3 63. Kg5 Bg4 64. Kf6 Bf3 65. Ke6 Bg4 66. Kd6 Bf3 67. Bd4 Bg4 68. Kc5 Bf3 69. Kc4 Bg4 70. Kc3 Bf3 71. Kd2 Bg4 72. Ke1 Bf3 73. Kf2 Bg4 74. Bb6 Bh3 75. Bc5 Bg4 76. Kg2 Bf3+ 77. Kh3 Bg4+ 78. Kh4 Bf3 79. h3 Be2 80. Kg5 Bf1 81. g4 hxg4 82. hxg4 Bh3 83. gxf5 Bxf5 84. Ba3 Bc8 85. Bc5 Bh3 86. f5 1/2-1/2

[Event "BEL-chT 1920"]
[Site "Belgium"]
[Date "2019.12.01"]
[Round "5.7"]
[White "Meessen, Rudolf"]
[Black "Kabos, Tobias"]
[Result "1-0"]
[WhiteElo "2240"]
[BlackElo "2337"]
[PlyCount "91"]
[EventDate "2019.09.29"]
[EventType "team-tourn"]
[EventRounds "11"]
[EventCountry "BEL"]
[SourceTitle "CBM 195 Extra"]
[Source "ChessBase"]
[SourceDate "2020.05.31"]
[SourceVersion "1"]
[SourceVersionDate "2020.05.31"]
[SourceQuality "1"]
[WhiteTeam "Eupen Rochade"]
[BlackTeam "Liege Crelel"]
[WhiteTeamCountry "BEL"]
[BlackTeamCountry "BEL"]

1. d4 d6 2. c4 e5 3. d5 f5 4. e4 fxe4 5. Nc3 Nf6 6. Nge2 Bf5 7. Ng3 Bg6 8. h4 h6 9. Qe2 Nbd7 10. h5 Bh7 11. Ngxe4 Be7 12. g3 0-0 13. Bh3 Kh8 14. Bd2 Nxe4 15. Nxe4 Bxe4 16. Qxe4 Nc5 17. Qe2 e4 18. 0-0 a5 19. Bxa5 Rxa5 20. b4 Ra3 21. bxc5 dxc5 22. Qxe4 Bf6 23. Rae1 Bd4 24. Qg6 Qd6 25. Kh1 Qxg6 26. hxg6 Bf6 27. Re2 Ra4 28. Rfe1 Raa8 29. Rb1 b6 30. Be6 Rfe8 31. Rb3 Ra4 32. Kg2 Bd4 33. d6 cxd6 34. Rxb6 Rd8 35. Bd5 Ra7 36. Rxd6 Rf8 37. Kh3 Bc3 38. f4 Bd4 39. Rde6 Rc7 40. Re8 Rc8 41. Rxf8+ Rxf8 42. a4 Bc3 43. Kg4 Bb4 44. Re7 Bd2 45. Ra7 Bc3 46. a5 1-0

[Event "BEL-chT 1920"]
[Site "Belgium"]
[Date "2019.10.20"]
[Round "3.6"]
[White "Kabos, Tobias"]
[Black "Hommerson, Paul"]
[Result "1-0"]
[WhiteElo "2337"]
[BlackElo "2243"]
[PlyCount "67"]
[EventDate "2019.09.29"]
[EventType "team-tourn"]
[EventRounds "11"]
[EventCountry "BEL"]
[SourceTitle "CBM 195 Extra"]
[Source "ChessBase"]
[SourceDate "2020.05.31"]
[SourceVersion "1"]
[SourceVersionDate "2020.05.31"]
[SourceQuality "1"]
[WhiteTeam "Liege Crelel"]
[BlackTeam "Borgerhout"]
[WhiteTeamCountry "BEL"]
[BlackTeamCountry "BEL"]

1. d4 Nf6 2. c4 g6 3. Nc3 d5 4. cxd5 Nxd5 5. Bd2 Bg7 6. e4 Nb6 7. Be3 0-0 8. h3 Nc6 9. Nf3 f5 10. e5 Kh8 11. Qd2 Be6 12. h4 f4 13. Bxf4 Bg4 14. Be3 Nd5 15. Be2 Nxe3 16. fxe3 Qd7 17. Ng5 Rad8 18. 0-0-0 Bxe2 19. Qxe2 Bh6 20. Rdf1 Rxf1+ 21. Rxf1 Rf8 22. Rxf8+ Bxf8 23. e6 Qc8 24. Nf7+ Kg8 25. d5 Nb4 26. Qg4 c5 27. h5 Qc7 28. d6 exd6 29. hxg6 hxg6 30. Qxg6+ Bg7 31. Nh6+ Kh8 32. Nf5 Bxc3 33. e7 Bxb2+ 34. Kb1 1-0

[Event "Amsterdam Mokumse"]
[Site "Amsterdam"]
[Date "2019.04.18"]
[Round "4"]
[White "Vos, Tjark"]
[Black "Kabos, Tobias"]
[Result "0-1"]
[WhiteElo "2223"]
[BlackElo "2301"]
[PlyCount "64"]
[EventDate "2019.02.05"]
[EventType "tourn"]
[EventRounds "9"]
[EventCountry "NED"]
[EventCategory "2"]
[SourceTitle "CBM 190 Extra"]
[Source "ChessBase"]
[SourceDate "2019.07.15"]
[SourceVersion "1"]
[SourceVersionDate "2019.07.15"]
[SourceQuality "1"]

1. e4 d6 2. d4 Nf6 3. Nc3 g6 4. f4 Bg7 5. Nf3 0-0 6. Bd3 Nbd7 7. e5 Ne8 8. h4 c5 9. Be3 cxd4 10. Bxd4 dxe5 11. fxe5 Qa5 12. Qe2 Nc7 13. h5 Ne6 14. hxg6 hxg6 15. Be3 Nxe5 16. Nxe5 Qxe5 17. 0-0-0 Nf4 18. Qf2 Nxd3+ 19. Rxd3 Be6 20. Kb1 Rfd8 21. Rxd8+ Rxd8 22. Bxa7 Bxa2+ 23. Kxa2 Qa5+ 24. Kb3 Bxc3 25. Qb6 Qd5+ 26. Kxc3 Rd6 27. Qd4 Qa5+ 28. Qb4 Qxa7 29. Rh3 Rc6+ 30. Kd3 Qf2 31. c3 Rd6+ 32. Kc4 Qxg2 0-1

[Event "Amsterdam Mokumse"]
[Site "Amsterdam"]
[Date "2019.04.05"]
[Round "8"]
[White "Lai, Hing Ting"]
[Black "Kabos, Tobias"]
[Result "1/2-1/2"]
[WhiteElo "2463"]
[BlackElo "2301"]
[PlyCount "76"]
[EventDate "2019.02.05"]
[EventType "tourn"]
[EventRounds "9"]
[EventCountry "NED"]
[EventCategory "2"]
[SourceTitle "CBM 190 Extra"]
[Source "ChessBase"]
[SourceDate "2019.07.15"]
[SourceVersion "1"]
[SourceVersionDate "2019.07.15"]
[SourceQuality "1"]

1. d4 Nf6 2. c4 e6 3. Nc3 Bb4 4. Qc2 0-0 5. Nf3 c5 6. dxc5 Na6 7. g3 Nxc5 8. Bg2 Nce4 9. 0-0 Nxc3 10. bxc3 Be7 11. e4 d6 12. e5 dxe5 13. Nxe5 Qc7 14. Qe2 Nd7 15. Bf4 Nxe5 16. Bxe5 Bd6 17. Rfe1 Bxe5 18. Qxe5 Qxc4 19. a4 f6 20. Qd6 a5 21. Red1 Re8 22. Bf1 Qc6 23. Bb5 Qxd6 24. Rxd6 Rf8 25. Rb1 Kf7 26. c4 Ke7 27. c5 e5 28. f4 e4 29. Rbd1 Bg4 30. R1d4 Rfd8 31. Rxe4+ Kf8 32. Red4 Rxd6 33. cxd6 Rd8 34. Kf2 Kf7 35. Ke3 Ke6 36. Bc4+ Kd7 37. Bb5+ Ke6 38. Bc4+ Kd7 1/2-1/2

[Event "Amsterdam Mokumse"]
[Site "Amsterdam"]
[Date "2019.03.22"]
[Round "5"]
[White "Kabos, Tobias"]
[Black "Brink, Barry"]
[Result "1/2-1/2"]
[WhiteElo "2301"]
[BlackElo "2394"]
[PlyCount "51"]
[EventDate "2019.02.05"]
[EventType "tourn"]
[EventRounds "9"]
[EventCountry "NED"]
[EventCategory "2"]
[SourceTitle "CBM 190 Extra"]
[Source "ChessBase"]
[SourceDate "2019.07.15"]
[SourceVersion "1"]
[SourceVersionDate "2019.07.15"]
[SourceQuality "1"]

1. e4 c5 2. c3 d5 3. exd5 Qxd5 4. Nf3 Nc6 5. d4 Bf5 6. dxc5 Qxd1+ 7. Kxd1 e5 8. Be3 Nf6 9. Nbd2 Nd5 10. Bb5 Nxe3+ 11. fxe3 Bxc5 12. e4 Bg4 13. h3 Bxf3+ 14. Nxf3 0-0-0+ 15. Ke2 f6 16. Nh4 Ne7 17. Bc4 a5 18. Rad1 Rxd1 19. Rxd1 Rd8 20. Nf5 Nxf5 21. Rxd8+ Kxd8 22. exf5 Ke7 23. Bg8 h6 24. Kf3 b6 25. Kg4 Be3 26. Kf3 1/2-1/2

[Event "BEL-chT 1819"]
[Site "Belgium"]
[Date "2018.12.02"]
[Round "5.6"]
[White "Kabos, Tobias"]
[Black "Wunnink, Michael"]
[Result "0-1"]
[WhiteElo "2295"]
[BlackElo "2222"]
[PlyCount "69"]
[EventDate "2018.09.30"]
[EventType "team-tourn"]
[EventRounds "11"]
[EventCountry "BEL"]
[SourceTitle "CBM 187 Extra"]
[Source "ChessBase"]
[SourceDate "2018.11.04"]
[SourceVersion "1"]
[SourceVersionDate "2018.11.04"]
[SourceQuality "1"]
[WhiteTeam "Liege Crelel"]
[BlackTeam "Jean Jaures"]
[WhiteTeamCountry "BEL"]
[BlackTeamCountry "BEL"]

1. d4 Nf6 2. c4 e6 3. Nc3 Bb4 4. Qc2 0-0 5. Bg5 c5 6. dxc5 Qa5 7. Bd2 Qxc5 8. e3 Qc7 9. 0-0-0 a6 10. a3 Be7 11. Nf3 b6 12. Ng5 Bb7 13. Bd3 h6 14. h4 b5 15. cxb5 axb5 16. Nxb5 Qxc2+ 17. Bxc2 hxg5 18. hxg5 Ne4 19. Nc3 Rc8 20. Rh4 Nxg5 21. Rdh1 f5 22. Rh8+ Kf7 23. f4 Rxh8 24. Rxh8 Ne4 25. Nxe4 fxe4 26. Bd1 Bf6 27. a4 g6 28. Rh7+ Kg8 29. Rh6 Kg7 30. Rh1 Na6 31. g4 Nc5 32. g5 Nd3+ 33. Kb1 Bxb2 34. Bc2 Rb8 35. Rh5 0-1

[Event "BEL-chT 1819"]
[Site "Belgium"]
[Date "2018.10.28"]
[Round "3.4"]
[White "Kabos, Tobias"]
[Black "Sterck, Arno"]
[Result "1/2-1/2"]
[WhiteElo "2295"]
[BlackElo "2310"]
[PlyCount "50"]
[EventDate "2018.09.30"]
[EventType "team-tourn"]
[EventRounds "11"]
[EventCountry "BEL"]
[SourceTitle "CBM 187 Extra"]
[Source "ChessBase"]
[SourceDate "2018.11.04"]
[SourceVersion "1"]
[SourceVersionDate "2018.11.04"]
[SourceQuality "1"]
[WhiteTeam "Liege Crelel"]
[BlackTeam "KBSK Brugge"]
[WhiteTeamCountry "BEL"]
[BlackTeamCountry "BEL"]

1. d4 d5 2. c4 c6 3. cxd5 cxd5 4. Bf4 Nc6 5. Nc3 Nf6 6. e3 Bf5 7. Be2 e6 8. g4 Bg6 9. h4 h6 10. f3 Rc8 11. h5 Bh7 12. Bd3 Qb6 13. Rh2 Bb4 14. Rc1 Na5 15. Nge2 Nc4 16. Bxh7 Nxh7 17. b3 Nd6 18. Kf2 Nf6 19. Qd3 Kd7 20. Rhh1 Qa5 21. Bxd6 Bxd6 22. Qb5+ Qxb5 23. Nxb5 Bb8 24. Nbc3 Bd6 25. Nb5 Bb8 1/2-1/2

[Event "BEL-chT 1718"]
[Site "Belgium"]
[Date "2018.04.29"]
[Round "11.4"]
[White "Van der Stricht, Geert"]
[Black "Kabos, Tobias"]
[Result "0-1"]
[WhiteElo "2358"]
[BlackElo "2293"]
[PlyCount "93"]
[EventDate "2017.09.24"]
[EventType "team-tourn"]
[EventRounds "11"]
[EventCountry "BEL"]
[SourceTitle "EXT 2019"]
[Source "ChessBase"]
[SourceDate "2018.10.10"]
[SourceVersion "1"]
[SourceVersionDate "2018.10.10"]
[SourceQuality "1"]
[WhiteTeam "KGSRL"]
[BlackTeam "Liege Crelel"]
[WhiteTeamCountry "BEL"]
[BlackTeamCountry "BEL"]

1. d4 d6 2. Nf3 g6 3. c4 Bg7 4. Nc3 Bg4 5. e3 Nf6 6. Be2 0-0 7. h3 Bf5 8. Qb3 Qc8 9. g4 Bd7 10. e4 c5 11. d5 e5 12. Be3 h5 13. g5 Nh7 14. Nb5 Bxb5 15. cxb5 f6 16. gxf6 Rxf6 17. h4 Nd7 18. Rg1 Qf8 19. Rg3 Bh6 20. Ng5 Bxg5 21. hxg5 Rf7 22. Bxh5 gxh5 23. g6 Rg7 24. gxh7+ Kxh7 25. Bg5 Qf7 26. Qe3 Rag8 27. 0-0-0 c4 28. Rf3 Qg6 29. Rf5 Rf7 30. Rxf7+ Qxf7 31. Rh1 Nc5 32. Kb1 Qg6 33. f4 Nxe4 34. Ka1 Nxg5 35. fxg5 Qxg5 36. Qxa7 Qg2 37. Rb1 Qxd5 38. Qf2 e4 39. a3 c3 40. bxc3 Rg5 41. Re1 Qb3 42. Qb2 Qxb2+ 43. Kxb2 Rxb5+ 44. Kc2 Re5 45. c4 e3 46. Re2 Kg6 47. Kd1 0-1

[Event "Jersey op"]
[Site "St Clement Bay"]
[Date "2018.04.05"]
[Round "7.12"]
[White "Kabos, Tobias"]
[Black "Belzo, Krzysztof"]
[Result "1-0"]
[WhiteElo "2253"]
[BlackElo "2103"]
[PlyCount "61"]
[EventDate "2018.03.31"]
[EventType "swiss"]
[EventRounds "9"]
[EventCountry "GCI"]
[SourceTitle "CBM 183 Extra"]
[Source "ChessBase"]
[SourceDate "2018.04.19"]
[SourceVersion "1"]
[SourceVersionDate "2018.04.19"]
[SourceQuality "1"]

1. d4 c5 2. d5 d6 3. c4 g6 4. Nc3 Bg7 5. Nf3 Nf6 6. h3 Na6 7. e4 Nc7 8. Bd3 0-0 9. 0-0 Bd7 10. Re1 a6 11. a4 b5 12. e5 dxe5 13. Nxe5 bxc4 14. Bxc4 Nce8 15. Qe2 Qc7 16. Bxa6 Nxd5 17. Nxd5 Qxe5 18. Qxe5 Bxe5 19. Bb7 Rb8 20. Rxe5 Rxb7 21. Nxe7+ Kg7 22. a5 Kf6 23. Bf4 Nc7 24. Rxc5 Ne6 25. Nd5+ Kf5 26. g4+ Ke4 27. Re1+ Kd4 28. Be3+ Ke5 29. Nb6+ Kf6 30. Bh6 Nxc5 31. Nd5# 1-0

[Event "Jersey op"]
[Site "St Clement Bay"]
[Date "2018.04.02"]
[Round "4"]
[White "Eggleston, David"]
[Black "Kabos, Tobias"]
[Result "1-0"]
[WhiteElo "2409"]
[BlackElo "2253"]
[PlyCount "85"]
[EventDate "2018.03.31"]
[EventType "swiss"]
[EventRounds "9"]
[EventCountry "GCI"]
[SourceTitle "CBM 183 Extra"]
[Source "ChessBase"]
[SourceDate "2018.04.19"]
[SourceVersion "1"]
[SourceVersionDate "2018.04.19"]
[SourceQuality "1"]

1. e4 d6 2. d4 Nf6 3. Nc3 e5 4. Nf3 exd4 5. Nxd4 Be7 6. g3 Bg4 7. f3 Bc8 8. Be3 0-0 9. Qd2 a6 10. g4 b5 11. Nf5 b4 12. Ne2 Bxf5 13. gxf5 c5 14. Rg1 Kh8 15. Nf4 Nc6 16. Qg2 Rg8 17. Bc4 Ne5 18. Qe2 Qe8 19. 0-0-0 a5 20. Nd5 Nxd5 21. Bxd5 Rc8 22. Rg3 Nd7 23. Rh3 Nf6 24. Qf1 g6 25. fxg6 Rxg6 26. Bc4 Bf8 27. Bf4 Rd8 28. e5 dxe5 29. Rxd8 Qxd8 30. Bxe5 Bg7 31. Bxf7 Rg5 32. f4 Rg4 33. Be6 Rg6 34. Rd3 Qe8 35. Bf5 Rh6 36. Qd1 Qf7 37. Rd8+ Ng8 38. Rd7 Ne7 39. Qe2 Qxf5 40. Bxg7+ Kxg7 41. Qxe7+ Kg6 42. Qg7+ Kh5 43. Qg3 1-0

[Event "Jersey op"]
[Site "St Clement Bay"]
[Date "2018.03.31"]
[Round "1"]
[White "Kabos, Tobias"]
[Black "Pugh, Glyn D"]
[Result "1-0"]
[WhiteElo "2253"]
[BlackElo "1847"]
[PlyCount "75"]
[EventDate "2018.03.31"]
[EventType "swiss"]
[EventRounds "9"]
[EventCountry "GCI"]
[SourceTitle "CBM 183 Extra"]
[Source "ChessBase"]
[SourceDate "2018.04.19"]
[SourceVersion "1"]
[SourceVersionDate "2018.04.19"]
[SourceQuality "1"]

1. e4 e6 2. d4 d5 3. Nc3 Bb4 4. exd5 exd5 5. Bd3 Nc6 6. a3 Be7 7. Nf3 Bg4 8. Be3 Bf6 9. Bb5 Nge7 10. h3 Be6 11. g4 h6 12. Qd2 a6 13. Bd3 Qd7 14. Ne2 g5 15. Ng3 Rf8 16. Be2 0-0-0 17. 0-0-0 Kb8 18. Ne1 Rg8 19. Kb1 Nc8 20. Nd3 Nd6 21. Nc5 Qc8 22. b3 Ne4 23. Ngxe4 dxe4 24. Qc3 Bd5 25. Bc4 Rge8 26. Nxa6+ bxa6 27. Bxd5 Rxd5 28. Qxc6 Rd6 29. Qc4 Red8 30. b4 Qb7 31. Qxf7 Bxd4 32. Rxd4 Rxd4 33. Bxd4 Rxd4 34. Qf8+ Ka7 35. Qc5+ Qb6 36. Qxb6+ Kxb6 37. Kb2 Rd2 38. Re1 1-0

[Event "BEL-chT 1718"]
[Site "Belgium"]
[Date "2018.02.25"]
[Round "7.4"]
[White "De Strycker, Nathan"]
[Black "Kabos, Tobias"]
[Result "1/2-1/2"]
[WhiteElo "2194"]
[BlackElo "2293"]
[PlyCount "62"]
[EventDate "2017.09.24"]
[EventType "team-tourn"]
[EventRounds "11"]
[EventCountry "BEL"]
[SourceTitle "EXT 2019"]
[Source "ChessBase"]
[SourceDate "2018.10.10"]
[SourceVersion "1"]
[SourceVersionDate "2018.10.10"]
[SourceQuality "1"]
[WhiteTeam "TSM Schifflange"]
[BlackTeam "Liege Crelel"]
[WhiteTeamCountry "BEL"]
[BlackTeamCountry "BEL"]

1. d4 d6 2. Nf3 g6 3. g3 Bg7 4. Bg2 Nf6 5. c4 0-0 6. Nc3 Nc6 7. 0-0 a6 8. d5 Na5 9. Nd2 c5 10. Qc2 Rb8 11. b3 b5 12. Bb2 bxc4 13. bxc4 e5 14. Nd1 Bf5 15. e4 Bd7 16. Bc3 Bh6 17. Ne3 Nh5 18. Bf3 Ng7 19. Ng4 Bg5 20. h4 Be7 21. Rab1 Rxb1 22. Rxb1 f5 23. Nh6+ Kh8 24. Qb2 Bxh4 25. Bxa5 Qg5 26. Bg2 Bxg3 27. Nf3 Qxh6 28. fxg3 Qe3+ 29. Kh2 Qh6+ 30. Kg1 Qe3+ 31. Kh2 Qh6+ 1/2-1/2